banner-ar

وجه مدينة القاهرة من ولاية محمد على حتى نهاية حكم اسماعيل ( 1805 - 1879 م ) / (Record no. 62689)

MARC details
000 -الفاتح
حقل البيانات ثابتة الطول 00989nam a22002297a 4500
005 - وقت وتاريخ اخر تعامل مع التسجيلة
رقم الضبط 20240530110602.0
008 - عناصر البيانات ثابتة الطول - معلومات عامة
حقل البيانات ثابتة الطول 161011s2014 ua fbkaf b 000 0 ara d
017 ## - رقم الايداع القانونى
رقم الايداع القانونى 2014/21680
المصدر ( الهيئة المختصة) مصر. دار الكتب
020 ## - الرقم الدولى المعيارى للكتب
الرقم الدولى المعيارى للكتاب 978977910034
040 ## - مصدر الفهرسة
وكالة الفهرسة الأصلية EG-CaGPL
وكالة النسخ EG-CaGPL
082 04 - رقم تصنيف ديوى العشرى
رقم الطبعة 21
رقم التصنيف 962.16
رقم المادة ق/م و
100 0# - المدخل الرئيسى - إسم شخصى
الإسم الشخصى محمد حسام الدين اسماعيل .
245 10 - بيان العنوان
العنوان وجه مدينة القاهرة من ولاية محمد على حتى نهاية حكم اسماعيل ( 1805 - 1879 م ) /
بيان المسئوليه,etc محمد حسام الدين اسماعيل .
250 ## - بيان الطبعة
بيان الطبعة ط1.
260 ## - PUBLICATION, DISTRIBUTION, ETC. (IMPRINT)
تاريخ النشر أو التوزيع 2014 .
300 ## - الوصف المادى
التعداد 508 ص :
تفاصيل ماديه اخرى للوعاء ايض ؛
أبعاد الوعاء 24 سم .
651 07 - المدخل الاضافى بالموضوع - اسم جغرافى
الاسم الجغرافي القاهرة
التقسيم الفرعي العام تاريخ .
651 07 - المدخل الاضافى بالموضوع - اسم جغرافى
الاسم الجغرافي مصر
التقسيم الفرعي العام تاريخ
التقسيم الفرعي الزمني العصر الحديث
-- عصر محمد على .
651 07 - المدخل الاضافى بالموضوع - اسم جغرافى
الاسم الجغرافي مصر
التقسيم الفرعي العام تاريخ
التقسيم الفرعي الزمني العصر الحديث
-- عصر اسماعيل .
942 ## - عناصر المدخل الإضافي( كوها)
مصدر التصنيف او مخطط الترفيف Dewey Decimal Classification
Koha [default] item type كتاب
260 ## - PUBLICATION, DISTRIBUTION, ETC. (IMPRINT)
-- القاهرة :
-- الهيئة المصرية العامة للكتاب ،
Holdings
حالة التراجع حالة الفقد حالة تلف ليس للاعارة المكان المؤقت الموقع الحالى موقع الترفيف تاريخ الاكتساب اجمالي اﻻعارات رقم الطلب الباركود تاريخ اخر مشاهدة تاريخ تفعيل السعر نوع وعاء كوها
        مكتبة القاهرة الكبرى مكتبة القاهرة الكبرى   10/11/2016   962.16 ق/م و 162497 10/11/2016 10/11/2016 كتاب

Powered By

EGPV